Представление документа в формате MARC21

ПолеНазваниеЗначение
  Тип записи a
  Библиографический уровень m
001 Контрольный номер RU\infra-m\znanium\bibl\2216852
005 Дата корректировки 20260429142223.0
008 Кодируемые данные 250821s2025 RU g rus u
020 Индекс ISBN __
a ISBN 978-5-16-018021-2
020 Индекс ISBN __
a ISBN 978-5-16-111029-4 (электр. издание)
040 Источник каталогиз. __
a Служба первич. каталог. Общество с ограниченной ответственностью «ЗНАНИУМ»
041 Код языка издания __
a Код языка текста rus
044 Код страны публикации __
a Код страны публикации RU
080 Индекс УДК __
a Индекс УДК 327(075.4)
084 Индекс другой классификации/Индекс ББК __
2 Источник индекса rubbk
a Индекс другой классификации/Индекс ББК 66.4(0)
084 Индекс другой классификации/Индекс ББК __
2 Источник индекса okso
a Индекс другой классификации/Индекс ББК 41.06.01
084 Индекс другой классификации/Индекс ББК __
2 Источник индекса okso
a Индекс другой классификации/Индекс ББК 51.06.01
100 Автор __
a Автор Терновая Л.О.
q Полное имя Терновая Людмила Олеговна
u Дополнение Журнал Власть истории и история власти
245 Заглавие __
a Заглавие Геопоэтика: международные отношения и искусство
b Продолж. заглавия Монография
c Ответственность Журнал Власть истории и история власти
250 Сведения об издании __
a Основные сведения об издании 1
260 Выходные данные __
a Место издания Москва
b Издательство ООО "Научно-издательский центр ИНФРА-М"
c Дата издания 2026
300 Физическое описание __
a Объем 591 с.
440 Серия __
a Серия Научная мысль
520 Аннотация __
a Аннотация В монографии рассматриваются сложные и одновременно увлекательные вопросы переплетения искусства и международных отношений то какое влияние они оказывают друг на друга как деятели искусства выступают в роли посредников в связях между государствами. Автор также уделяет внимание проблеме сохранения всемирного культурного наследия и практике возвращения культурных ценностей. Предназначена для специалистов в области международных отношений и широкого круга читателей.
521 Примеч. о цел. назн. __
a Примеч. о целев. назн. Дополнительное профессиональное образование
650 Тематические рубрики __
a Основная рубрика Политика. Социология
x Основная подрубрика Международные отношения. Внешняя политика
655 Указ. предметных рубрик (устаревшее) __
a Жанр/ форма (устаревшее) Монография
856 Электронный адрес документа 4_
a Имя сервера/домена znanium.ru
m Помощь ebs_support@infra-m.ru
n Местонахождение сервера НИЦ ИНФРА-М
u URL https://znanium.ru/catalog/document?id=468379
856 Электронный адрес документа 48
a Имя сервера/домена znanium.ru
d Путь /cover/2216
f Электронное имя 2216852.jpg
q Тип электронного формата image/jpeg
u URL https://znanium.ru/cover/2216/2216852.jpg
911 __
u 0030=https://znanium.ru/catalog/document?id=468379